Alemanha - Statistics

Estatísticas Gerais
  • Esse quiz foi jogado 82 vezes
  • A pontuação média é 8 de 15
Estatísticas das Respostas
Imagem Resposta % Correto
Cerveja
87%
Muro de Berlim
85%
Angela Merkel
84%
Pastor Alemão
79%
Frankfurt
64%
Lufthansa
63%
Oktoberfest
63%
Volkswagen
60%
Hamburgo
48%
Relógio de Cuco
42%
Martin Luther
36%
Johann Sebastian Bach
34%
Portão de Brandenburgo
30%
Schnitzel
24%
Lederhosen
15%
Nenhum quiz correspondente encontrado
Distribuição das Pontuações
Porcentagem de Pessoas com Cada Pontuação
Percentil de Números Respondidos
Sua Pontuação Histórica
Você não jogou esse quiz